000 01113nmc a2200373 a 4500
003 AR-BaBNM
005 20251128204331.0
008 011101s1987 ||||||||||||||000 | spa||
020 _a950-01-0309-5
040 _cAR-BaBNM
100 1 _aGiúdice de Bovone, Elida A.
245 1 0 _aCrecer, jugando con el cuerpo
_bdesde bebé hasta los tres años
250 _a1ª ed.
260 _aBuenos Aires
_bEstrada
_c1987
300 0 _a74 p.
_bil.
490 0 _aPara el nivel terciario. Educación inicial
500 0 _aContiene referencias bibliográficas
500 0 _aInformación sobre las autoras
650 4 _aJUEGOS EDUCATIVOS
650 4 _aPRIMERA INFANCIA
650 4 _aJUEGO
650 4 _aCUIDADO DEL NINO
650 4 _aACTIVIDADES DE APRENDIZAJE
650 4 _aACTIVIDADES RECREATIVAS
650 4 _aEDUCACION DEL NINO
650 4 _aDESARROLLO COGNOSCITIVO
650 4 _aDESARROLLO FISICO
650 4 _aPSICOMOTRICIDAD
653 _aJARDINES MATERNALES
700 1 _aGonzález Cuberes, María Teresa
700 1 _aCoriat, Lydia F. de
_eprologuista
942 _cBK
998 _cMARTIN
999 _c7062
_d7062